000 00550nam a2200205Ia 4500
005 20250326144139.0
008 250326s9999 xx 000 0 und d
020 _a0-415-34327-5
037 _aTextbook
040 _aFMSL
_beng
_cFMSL
041 _aeng
_2eng
084 _aX:87 P6
_qFMSL
100 _aGoodwin N
_9749129
245 0 _aLeadership in healthcare: european perspective
_cGoodwin N
260 _aNY
_bNY, Routledge
_c2006
300 _a187p
365 _b1727.9284
942 _cTB
_hX:87 P6
999 _c1302560
_d1302560